| Tag |
First Indicator |
Second Indicator |
Subfields |
| LEADER |
00000pam a2200000 a 4500 |
| 001 |
in00000075899 |
| 005 |
20151008054911.0 |
| 008 |
810309s1982 nyua b 00110 eng |
| 010 |
|
|
|a 81002300
|
| 020 |
|
|
|a 0070553556 :
|c $9.95 (est.)
|
| 035 |
|
|
|a (OCoLC)07277402
|
| 035 |
|
|
|9 AAJ2004AM
|
| 039 |
0 |
|
|a 2
|b 3
|c 3
|d 3
|e 3
|
| 040 |
|
|
|a DLC
|c DLC
|d TXA
|d UtOrBLW
|
| 049 |
|
|
|a TXAM
|c [933013]
|
| 050 |
0 |
0 |
|a LB1585
|b .S33 1982
|
| 082 |
0 |
|
|a 372.3/5/044
|2 19
|
| 100 |
1 |
|
|a Schmidt, Victor E.
|
| 245 |
1 |
0 |
|a Teaching science with everyday things /
|c Victor E. Schmidt, Verne N. Rockcastle.
|
| 250 |
|
|
|a 2nd ed.
|
| 264 |
|
1 |
|a New York :
|b McGraw-Hill,
|c [1982]
|
| 264 |
|
4 |
|c ©1982
|
| 300 |
|
|
|a xi, 210 pages :
|b illustrations ;
|c 24 cm.
|
| 336 |
|
|
|a text
|b txt
|2 rdacontent
|
| 337 |
|
|
|a unmediated
|b n
|2 rdamedia
|
| 338 |
|
|
|a volume
|b nc
|2 rdacarrier
|
| 500 |
|
|
|a Includes index.
|
| 504 |
|
|
|a Bibliography: pages 201-204.
|
| 650 |
|
0 |
|a Science
|x Study and teaching (Elementary)
|
| 650 |
|
0 |
|a Learning by discovery.
|
| 700 |
1 |
|
|a Rockcastle, Verne N.
|
| 999 |
|
|
|a MARS
|
| 999 |
f |
f |
|s b803cd6c-44a2-3637-9bd3-d394b99d9e43
|i c4ef53df-cfe9-3f46-a7af-e1ff0b4446b9
|t 0
|
| 952 |
f |
f |
|p normal
|a Texas A&M University
|b College Station
|c Sterling C. Evans Library
|d Evans: Library Stacks
|t 0
|e LB1585 .S33 1982
|h Library of Congress classification
|i unmediated -- volume
|m A14806160902
|
| 998 |
f |
f |
|a LB1585 .S33 1982
|t 0
|l Evans: Library Stacks
|